00381pab a2200121 454500008004000000100001500040245005900055260000900114300001500123650001200138700001400150773009500164180718b2011 xxu||||| |||| 00| 0 eng d aBehera, B. aManagement of tourism entrepreneurship in rural Odisha c2011 ap.209-228. aTourism aSuranjika aJournal of Indian Institute of Public Administration, Regional Branch, Orissa, Bhubaneswar